Welcome to the Holygrace Academy Library

Please use search bar below to get started

THE INVISIBLE MAN (Record no. 5059)

MARC details
000 -LEADER
fixed length control field 00587nam a22001457a 4500
020 ## - INTERNATIONAL STANDARD BOOK NUMBER
ISBN 978-93-5056-601-1
082 ## - DEWEY DECIMAL CLASSIFICATION NUMBER
Classification number 823
Item number WEL/J
100 ## - MAIN ENTRY--AUTHOR NAME
Personal name WELLS, H G
245 ## - TITLE STATEMENT
Title THE INVISIBLE MAN
260 ## - PUBLICATION, DISTRIBUTION, ETC. (IMPRINT)
Place of publication DELHI
Name of publisher RATNA SAGAR
Year of publication 2014
300 ## - PHYSICAL DESCRIPTION
Number of Pages 288
520 ## - SUMMARY, ETC.
Summary, etc The Invisible Man, science-fiction novel by H.G. Wells, published in 1897. The story concerns the life and death of a scientist named Griffin who has gone mad. Having learned how to make himself invisible, Griffin begins to use his invisibility for nefarious purposes, including murder.
650 ## - SUBJECT ADDED ENTRY--TOPICAL TERM
Topical Term NOVEL
Geographic subdivision INDIA
942 ## - ADDED ENTRY ELEMENTS (KOHA)
Koha item type Books
Holdings
Withdrawn status Lost status Collection code Home library Current library Shelving location Date acquired Source of acquisition Cost, normal purchase price Full call number Accession Number Koha item type
    Fiction Main Library Main Library SHELF 15B-U,V,W SECTION NOVELS& FICTION 16/12/2019 purchase 229.00 823 WEL/J 12313 Books